Devinez ces lieux de One Piece - Statistiques

Statistiques générales
  • Ce quiz a été pris 533 fois
  • Le résultat moyen est 4 sur 10
Statistiques - réponses
Par images Réponse % Correct
Alabasta
95%
Marineford
95%
Baratie
94%
New Marineford
90%
Onigashima
90%
Punk Hazard
88%
Water Seven
86%
Thriller Bark
85%
Ile de Whole cake
84%
Wano Kuni
82%
Dressrosa
81%
Enies lobby
78%
Impel Down
78%
Little Garden
75%
Amazon lily
73%
Ile de Drum
71%
La Ruche
67%
Loguetown
67%
Skypiea
67%
Zou
67%
Egghead
65%
Whisky Peak
62%
Kedetrav
58%
Royaume de Germa
52%
Jaya
48%
Village de Cocoyashi
45%
Cap des jumeaux
42%
Long ring long land
42%
Weatheria
41%
Elbaf
39%
Ile de Baltigo
36%
Village de Fushia
36%
Shandora
21%
Ile des Homme-poissons
20%
Ile du Sphinx
20%
Shells town
19%
Ile de Lulusia
18%
Archipel des Sabaody
16%
Royaume de Goa
16%
Ile de Raijin
13%
Tequila Wolf
12%
Chateau de Marigeoise
10%
Ile fromage
7%
Royaume Torino
6%
Ile de Flevance
4%
Ile de Ruskaina
4%
Village de Sirup
4%
Archipel de Boyn
3%
Holiday island
3%
Ile de Swallow
3%
Ile aux noix
2%
Ile de Baltimoa
2%
Ile de Banaro
2%
Ile de Kenzan
2%
Ile de Minion
2%
Pays des fleurs
2%
Foolshout
1%
Foodvalten
0%
Harahettania
0%
Ile de Baterilla
0%
Kakkai Bali
0%
Aucun quiz correspondant
Distribution des résultats
% des personnes avec chaque résultat
Percentile par nombre de réponses
Votre historique - résultats
Vous n’avez pas pris ce quiz